[Event "HUN-ch U8-U18 2019"]
[Site "Balatonlelle"]
[Date "2019.06.25"]
[Round "6.3"]
[White "Lukacs, Anna Kata"]
[Black "Ivan, Reka Gyongyver"]
[Result "1-0"]
[WhiteElo "1915"]
[BlackElo "1619"]
[Annotator "NA"]
[PlyCount "51"]
[EventDate "2019.06.21"]
[EventType "swiss"]
[EventCountry "HUN"]
[SourceTitle "playchess.com"]
[Source "ChessBase"]
[SourceQuality "1"]
[TimeControl "40/5400+30:1800+30"]

1. e4 {[%emt 0:00:03]} c6 {[%emt 0:00:08]} 2. c4 {[%emt 0:00:08]} d5 {[%emt 0:00:12]} 3. exd5 {[%emt 0:00:12]} cxd5 {[%emt 0:00:11]} 4. cxd5 {[%emt 0:00:08]} Qxd5 {[%emt 0:00:28]} 5. Nc3 {[%emt 0:00:13]} Qd8 {[%emt 0:00:21]} 6. d4 {[%emt 0:00:17]} Nf6 {[%emt 0:00:10]} 7. Nf3 {[%emt 0:00:41]} e6 {[%emt 0:00:27]} 8. Bg5 {[%emt 0:01:01]} Bb4 {[%emt 0:02:55]} 9. a3 {[%emt 0:05:06]} Bxc3+ {[%emt 0:03:02]} 10. bxc3 {[%emt 0:00:12]} O-O {[%emt 0:02:44]} 11. Bd3 {[%emt 0:00:24]} h6 {[%emt 0:02:34]} 12. Bh4 {[%emt 0:01:22]} Nbd7 {[%emt 0:03:34]} 13. O-O {[%emt 0:06:09]} Qa5 {[%emt 0:04:19]} 14. Rc1 {[%emt 0:12:20]} b6 {[%emt 0:02:58]} 15. Bc2 {[%emt 0:01:02]} Bb7 {[%emt 0:01:36]} 16. Re1 {[%emt 0:11:17]} Qh5 17. Bg3 {[%emt 0:00:57]} Bxf3 {[%emt 0:09:18]} 18. gxf3 {[%emt 0:05:47]} Rac8 {[%emt 0:11:22]} 19. Qd3 {[%emt 0:09:55]} Qd5 {[%emt 0:08:51]} 20. c4 {[%emt 0:05:47]} Qa5 {[%emt 0:10:53]} 21. Kh1 {[%emt 0:00:51]} Rfd8 {[%emt 0:06:04]} 22. Qe3 {[%emt 0:03:58]} Kh8 {[%emt 0:06:43]} 23. Bb1 {[%emt 0:04:11]} Rc6 {[%emt 0:04:57]} 24. Rg1 {[%emt 0:01:52]} Nh5 {[%emt 0:06:29]} 25. Qe4 {[%emt 0:01:26]} Nxg3+ 26. Rxg3 1-0

[Event "HUN-ch U8-U18 2019"]
[Site "Balatonlelle"]
[Date "2019.06.25"]
[Round "6.3"]
[White "Deak-Sala, Emilia"]
[Black "Vilics, Hanna"]
[Result "1-0"]
[WhiteElo "1415"]
[BlackElo "1285"]
[Annotator "NA"]
[PlyCount "65"]
[EventDate "2019.06.21"]
[EventType "swiss"]
[EventCountry "HUN"]
[SourceTitle "playchess.com"]
[Source "ChessBase"]
[SourceQuality "1"]
[TimeControl "40/5400+30:1800+30"]

1. e4 {[%emt 0:00:01]} c6 {[%emt 0:00:20]} 2. d4 {[%emt 0:00:06]} d5 {[%emt 0:00:15]} 3. Nd2 {[%emt 0:00:35]} dxe4 {[%emt 0:00:27]} 4. Nxe4 {[%emt 0:00:10]} Bf5 {[%emt 0:00:23]} 5. Ng3 {[%emt 0:00:09]} Bg6 {[%emt 0:00:21]} 6. h4 {[%emt 0:00:16]} h6 {[%emt 0:00:18]} 7. Nf3 {[%emt 0:00:08]} Nf6 {[%emt 0:00:40]} 8. Ne5 {[%emt 0:00:20]} Bh7 {[%emt 0:00:42]} 9. c3 {[%emt 0:03:30]} e6 {[%emt 0:01:12]} 10. Bd3 {[%emt 0:03:18]} Bxd3 {[%emt 0:04:31]} 11. Qxd3 {[%emt 0:00:14]} Bd6 {[%emt 0:01:25]} 12. f4 {[%emt 0:02:55]} Nbd7 {[%emt 0:02:00]} 13. Qf3 {[%emt 0:02:19]} Qc7 {[%emt 0:03:11]} 14. Bd2 {[%emt 0:05:15]} a6 {[%emt 0:03:17]} 15. Ne2 {[%emt 0:10:56]} Bxe5 {[%emt 0:06:05]} 16. fxe5 {[%emt 0:01:51]} Nd5 {[%emt 0:00:44]} 17. Qg4 {[%emt 0:03:36]} g6 {[%emt 0:06:42]} 18. c4 {[%emt 0:03:20]} Ne7 {[%emt 0:00:49]} 19. c5 {[%emt 0:01:17]} Nd5 {[%emt 0:03:47]} 20. O-O {[%emt 0:04:51]} h5 {[%emt 0:03:58]} 21. Qf3 {[%emt 0:01:03]} Rh7 {[%emt 0:00:48]} 22. Qd3 {[%emt 0:02:34]} Qd8 {[%emt 0:02:58]} 23. Bg5 {[%emt 0:02:38]} Qc7 {[%emt 0:01:03]} 24. a3 {[%emt 0:01:39]} b5 {[%emt 0:03:09]} 25. b4 {[%emt 0:01:01]} a5 {[%emt 0:00:32]} 26. bxa5 {[%emt 0:03:20]} Qxa5 {[%emt 0:00:22]} 27. Rfc1 {[%emt 0:04:42]} Nb8 {[%emt 0:02:51]} 28. Ng3 {[%emt 0:01:07]} Nd7 {[%emt 0:00:28]} 29. Ne4 {[%emt 0:01:32]} Qc7 {[%emt 0:02:16]} 30. Rf1 {[%emt 0:02:50]} Nb8 {[%emt 0:01:42]} 31. Nd6+ {[%emt 0:00:28]} Kf8 {[%emt 0:00:43]} 32. Qxg6 {[%emt 0:01:30]} Rg7 {[%emt 0:03:59]} 33. Bh6 {[%emt 0:00:51]} 1-0

[Event "HUN-ch U8-U18 2019"]
[Site "Balatonlelle"]
[Date "2019.06.25"]
[Round "6.4"]
[White "Persanyi, Barnabas"]
[Black "Ongut, Tamas Gunes"]
[Result "1-0"]
[WhiteElo "2404"]
[BlackElo "2120"]
[Annotator "TA"]
[PlyCount "165"]
[EventDate "2019.06.21"]
[EventType "swiss"]
[EventCountry "HUN"]
[SourceTitle "playchess.com"]
[Source "ChessBase"]
[SourceQuality "1"]

{[%evp 14,165,16,37,32,14,58,48,84,85,116,34,66,57,104,96,118,115,118,109,132,133,152,49,49,40,45,35,47,-11,-7,-5,-1,-36,-15,-17,39,27,33,36,70,35,114,52,76,67,71,67,56,68,100,98,82,98,190,104,106,77,92,92,160,156,206,194,200,202,179,176,191,138,138,138,138,138,137,166,155,137,268,235,197,107,108,36,36,36,36,36,36,36,37,37,5143,4678,5095,502,5583,2220,5463,426,454,88,88,37,62,37,37,0,88,88,89,8,8,8,8,8,8,8,8,8,8,8,5597,5575,5595,5593,5575,5575,5280,5312,5575,5575,5157,5065,1570,1630,5575,5521,4630,4062,1627,1388,1243,1012,5590,5558,5026,4904,4662,4644,4631,4630,4610,1145]} 1. Nf3 g6 2. g3 Bg7 3. d4 d5 4. Bg2 Nf6 5. O-O O-O 6. c4 c6 7. Qb3 dxc4 8. Qxc4 Bf5 {D78: Fianchetto Grünfeld: 6 0-0 c6} 9. Nc3 Qb6 (9... Nbd7 10. Qb3 Qb6 11. Re1 a5 12. e4 Qxb3 13. axb3 Be6 14. Bf4 h6 15. h3 g5 16. Bc7 Rfc8 17. Bxa5 b6 {½-½ (46) Svidler,P (2756)-Shankland,S (2722) Hoogeveen 2018}) 10. Ng5 h6 {White is slightly better.} 11. e4 Bg4 12. Nf3 ({White should play} 12. h3 $16) 12... Qa6 $146 ({Predecessor:} 12... Nbd7 13. Be3 Qa5 14. h3 Be6 15. Qd3 Rfd8 16. Qc2 Bc4 17. Rfd1 e5 18. dxe5 Nxe5 19. Rxd8+ Rxd8 20. Nxe5 Qxe5 21. Bxa7 Bd3 22. Qd2 Qa5 23. Qe3 Rd7 24. e5 {1-0 (24) Gombac,J (2250)-Kavcic,Z (2305) Slovenia 2016}) 13. Qb3 Nbd7 14. Be3 Be6 15. Qc2 $1 Rfd8 16. Rfd1 Nb6 17. b3 Qa5 18. Rac1 (18. h3 $16) 18... Qh5 $1 $14 19. Ne2 {Hoping for Nf4.} g5 $1 20. Re1 Bh3 21. Bh1 (21. Ne5 $14) 21... Ng4 22. Bd2 e5 {[%cal Re5d4]} 23. dxe5 Nd7 $1 24. Bc3 $1 Ndxe5 (24... Ngxe5 $11 25. Nd2 Nf8 26. Bxe5 Bxe5) 25. Ned4 $1 Nxf3+ 26. Nxf3 Qg6 27. Bxg7 Kxg7 (27... Qxg7 $14 28. e5 Rd5) 28. Rcd1 (28. Bg2 $16 Bxg2 29. Kxg2) 28... f6 29. Qc5 {Strongly threatening Rxd8.} Qe8 30. Rxd8 Rxd8 31. Qxa7 Qd7 32. Bg2 Bxg2 33. Kxg2 h5 (33... Ne5 $16 {was called for.}) 34. h3 (34. e5 $18) 34... Ne5 $16 35. Qe3 Nxf3 36. Qxf3 {[%mdl 4096] Endgame KQR-KQR} g4 (36... Kg6 $142) 37. hxg4 hxg4 38. Qf4 $1 Rh8 39. e5 Qd5+ 40. Re4 fxe5 41. Qxe5+ (41. Qg5+ $18 Kf7 42. Qxg4) 41... Qxe5 42. Rxe5 $18 {KR-KR} Kf6 43. Re4 Kf5 44. Rf4+ Kg5 45. a4 Re8 (45... Rh7 $16 {keeps fighting.} 46. f3 gxf3+ 47. Kxf3 (47. Rxf3 Rd7 $16) 47... Re7) 46. Rf7 b5 47. Rf4 ({Better is} 47. a5 $18) 47... c5 $16 {[#]} 48. Kf1 (48. f3 $1 $16) 48... Re7 $14 49. axb5 {Black must now prevent Rc4.} Rb7 50. f3 (50. Rc4 {with more complications.} Rxb5 51. Rc3 Kf5 52. Ke2 Ke4 53. Kd2) 50... gxf3 51. Rxf3 Rxb5 52. Ke2 Kg4 $2 {[%mdl 8192]} (52... Rb4 $14) 53. Rc3 $18 Ra5 54. Kd2 (54. Kd3 $142 Kxg3 55. Kc4+ Kg4 56. Kd5) 54... Ra3 (54... Kf5 $142 55. Kd3 Ke5) 55. Rd3 (55. Kd3 $142 Kxg3 56. Kc4+ (56. Rxc5 Rxb3+ 57. Kc4 Rf3 $11) 56... Kf4 57. Kd5 (57. Kxc5 Ke5 $16)) 55... Ra1 56. Re3 (56. Kc3 $142 Rc1+ 57. Kd2) 56... Rg1 57. Kc2 $2 (57. Kd3 $18 {has better winning chances. aiming for Kc4.} Rc1 58. Kd2) 57... Kf5 58. Kd3 {Kc4 is the strong threat.} Rc1 $1 59. Re2 Rg1 60. Re3 (60. Rf2+ $14 Ke5 61. Rf3) 60... Rc1 $1 $16 {[#]} 61. Kd2 $1 {[%cal Rd2c1]} Rg1 62. Rc3 (62. Kc3 $16) 62... Ke4 $11 63. Rc4+ Kd5 64. Rg4 Rf1 65. Rf4 Rg1 66. Rf3 Ke4 67. Rd3 Rg2+ $2 {[%mdl 8192]} (67... Rb1 $11) 68. Kc3 $18 {White is clearly winning.} Rg1 69. Kc4 Ra1 70. Rc3 Ra5 71. g4 Kf4 72. Kd5 Rb5 73. Kc6 Rb8 74. Kxc5 Rc8+ 75. Kd4 Rd8+ 76. Kc4 Rc8+ 77. Kd3 Rd8+ 78. Kc2 Kxg4 79. b4 {[%cal Bb3b4,Bb4b5][%mdl 32]} Kf5 80. Re3 Rc8+ 81. Kb3 Rb8 82. Re2 Rc8 83. b5 {Accuracy: White = 48%, Black = 37%.} 1-0

[Event "HUN-ch U8-U18 2019"]
[Site "Balatonlelle"]
[Date "2019.06.25"]
[Round "6.4"]
[White "Eros, Vivien"]
[Black "Gabor, Maria"]
[Result "0-1"]
[WhiteElo "1317"]
[BlackElo "1308"]
[Annotator "NA"]
[PlyCount "72"]
[EventDate "2019.06.21"]
[EventType "swiss"]
[EventCountry "HUN"]
[SourceTitle "playchess.com"]
[Source "ChessBase"]
[SourceQuality "1"]
[TimeControl "40/5400+30:1800+30"]

1. d4 {[%emt 0:00:03]} d5 {[%emt 0:00:10]} 2. Nf3 {[%emt 0:00:11]} e6 {[%emt 0:00:23]} 3. Bf4 {[%emt 0:00:11]} Bd6 {[%emt 0:00:07]} 4. Bg3 {[%emt 0:00:10]} f5 {[%emt 0:00:07]} 5. e3 {[%emt 0:02:16]} Nf6 {[%emt 0:00:10]} 6. Bd3 {[%emt 0:01:01]} O-O {[%emt 0:00:12]} 7. Nbd2 {[%emt 0:02:33]} Nbd7 {[%emt 0:01:11]} 8. c4 Ne4 {[%emt 0:05:06]} 9. Qe2 {[%emt 0:04:46]} Ndf6 {[%emt 0:01:10]} 10. Ne5 {[%emt 0:00:54]} Bb4 {[%emt 0:11:23]} 11. Bxe4 {[%emt 0:03:23]} Nxe4 {[%emt 0:00:54]} 12. Rd1 {[%emt 0:00:55]} Bxd2+ {[%emt 0:01:16]} 13. Rxd2 {[%emt 0:00:08]} Nxd2 {[%emt 0:00:04]} 14. Qxd2 {[%emt 0:00:11]} dxc4 {[%emt 0:02:17]} 15. Nxc4 {[%emt 0:00:38]} Qd5 {[%emt 0:03:48]} 16. Ne5 {[%emt 0:02:41]} Qxg2 {[%emt 0:00:37]} 17. Rf1 {[%emt 0:00:24]} Qe4 {[%emt 0:00:46]} 18. b3 {[%emt 0:04:25]} b6 {[%emt 0:06:22]} 19. f3 {[%emt 0:01:09]} Qd5 {[%emt 0:03:14]} 20. Rg1 {[%emt 0:00:57]} c5 {[%emt 0:02:03]} 21. Qg2 {[%emt 0:01:02]} Qb7 {[%emt 0:09:11]} 22. Bf4 {[%emt 0:01:16]} Kh8 {[%emt 0:01:56]} 23. h4 {[%emt 0:09:32]} Rg8 {[%emt 0:09:41]} 24. h5 {[%emt 0:01:02]} cxd4 {[%emt 0:01:59]} 25. Rh1 {[%emt 0:07:36]} h6 {[%emt 0:05:22]} 26. Qg6 {[%emt 0:00:41]} Rf8 {[%emt 0:00:51]} 27. Bxh6 {[%emt 0:03:09]} Rf6 {[%emt 0:01:59]} 28. Qe8+ {[%emt 0:02:13]} Kh7 {[%emt 0:00:04]} 29. Bg5 {[%emt 0:03:11]} Qc7 {[%emt 0:03:49]} 30. exd4 {[%emt 0:00:32]} Qc3+ {[%emt 0:00:26]} 31. Kf1 {[%emt 0:03:39]} Ba6+ {[%emt 0:00:14]} 32. Kg2 {[%emt 0:00:55]} Rxe8 {[%emt 0:00:19]} 33. Bxf6 {[%emt 0:00:14]} gxf6 {[%emt 0:00:11]} 34. Nd7 {[%emt 0:00:42]} Rg8+ {[%emt 0:00:10]} 35. Kh2 {[%emt 0:00:47]} Qc7+ {[%emt 0:00:44]} 36. Ne5 {[%emt 0:00:15]} fxe5 {[%emt 0:00:25]} 0-1

[Event "HUN-ch U8-U18 2019"]
[Site "Balatonlelle"]
[Date "2019.06.25"]
[Round "6.5"]
[White "Papp, Bence"]
[Black "Geher, Koppany"]
[Result "1/2-1/2"]
[WhiteElo "2094"]
[BlackElo "2089"]
[Annotator "NA"]
[PlyCount "96"]
[EventDate "2019.06.21"]
[EventType "swiss"]
[EventCountry "HUN"]
[SourceTitle "playchess.com"]
[Source "ChessBase"]
[SourceQuality "1"]
[TimeControl "40/5400+30:1800+30"]

1. e4 {[%emt 0:00:02]} c5 {[%emt 0:00:05]} 2. Nf3 {[%emt 0:00:04]} e6 {[%emt 0:00:05]} 3. d4 {[%emt 0:00:04]} cxd4 {[%emt 0:00:03]} 4. Nxd4 {[%emt 0:00:05]} Nc6 {[%emt 0:00:05]} 5. Nc3 {[%emt 0:00:05]} Qc7 {[%emt 0:00:05]} 6. Ndb5 {[%emt 0:00:08]} Qb8 {[%emt 0:00:24]} 7. Be3 {[%emt 0:00:10]} a6 {[%emt 0:00:14]} 8. Bb6 {[%emt 0:00:29]} axb5 {[%emt 0:00:14]} 9. Nxb5 {[%emt 0:00:07]} Bb4+ {[%emt 0:00:11]} 10. c3 {[%emt 0:00:06]} Ba5 {[%emt 0:00:04]} 11. Nc7+ {[%emt 0:00:27]} Qxc7 {[%emt 0:00:07]} 12. Bxc7 {[%emt 0:00:05]} Bxc7 {[%emt 0:00:06]} 13. Qg4 {[%emt 0:00:11]} g6 {[%emt 0:00:11]} 14. Bb5 {[%emt 0:00:11]} Kf8 {[%emt 0:00:18]} 15. O-O {[%emt 0:00:27]} Kg7 {[%emt 0:00:11]} 16. a4 {[%emt 0:00:10]} Nf6 {[%emt 0:00:33]} 17. Qe2 {[%emt 0:00:10]} d5 {[%emt 0:00:08]} 18. exd5 {[%emt 0:00:06]} exd5 {[%emt 0:00:31]} 19. b4 {[%emt 0:00:12]} Bf5 {[%emt 0:01:02]} 20. Bxc6 {[%emt 0:00:53]} bxc6 {[%emt 0:00:24]} 21. a5 {[%emt 0:00:29]} Rhe8 {[%emt 0:02:51]} 22. Qb2 {[%emt 0:01:18]} Bd3 {[%emt 0:04:31]} 23. Rfe1 {[%emt 0:01:09]} Bc4 {[%emt 0:06:49]} 24. f3 {[%emt 0:03:56]} Reb8 {[%emt 0:05:28]} 25. Qf2 {[%emt 0:03:07]} Bd6 {[%emt 0:03:00]} 26. Qd4 {[%emt 0:15:36]} Rb5 {[%emt 0:19:05]} 27. Kh1 {[%emt 0:00:35]} c5 {[%emt 0:00:22]} 28. bxc5 {[%emt 0:00:12]} Bxc5 {[%emt 0:00:12]} 29. Qe5 {[%emt 0:01:12]} Ra6 {[%emt 0:15:13]} 30. Reb1 {[%emt 0:10:04]} Bd6 {[%emt 0:03:34]} 31. Qd4 {[%emt 0:00:22]} Raxa5 32. g4 g5 33. h4 {[%emt 0:11:13]} h6 {[%emt 0:16:29]} 34. hxg5 {[%emt 0:03:34]} hxg5 {[%emt 0:00:01]} 35. Re1 {[%emt 0:09:10]} Rxa1 {[%emt 0:07:50]} 36. Rxa1 {[%emt 0:00:06]} Kg6 {[%emt 0:00:29]} 37. Ra8 {[%emt 0:04:06]} Rb1+ {[%emt 0:00:43]} 38. Kg2 {[%emt 0:00:00]} Rb2+ {[%emt 0:00:00]} 39. Kg1 {[%emt 0:00:00]} Bc7 {[%emt 0:00:00]} 40. Kh1 {[%emt 0:00:00]} Be2 {[%emt 0:00:00]} 41. Qf2 {[%emt 0:10:59]} Bb6 {[%emt 0:35:12]} 42. Qg3 {[%emt 0:01:39]} Rb1+ {[%emt 0:00:08]} 43. Kh2 {[%emt 0:00:08]} Be3 {[%emt 0:03:22]} 44. Ra4 {[%emt 0:02:59]} Rf1 {[%emt 0:01:57]} 45. Qe5 {[%emt 0:01:47]} Rf2+ {[%emt 0:01:03]} 46. Kg3 {[%emt 0:00:15]} Rxf3+ {[%emt 0:00:11]} 47. Kh2 {[%emt 0:00:06]} Bf1 {[%emt 0:02:03]} 48. c4 {[%emt 0:00:41]} Rh3# {[%emt 0:00:07]} 1/2-1/2

[Event "HUN-ch U8-U18 2019"]
[Site "Balatonlelle"]
[Date "2019.06.25"]
[Round "6.5"]
[White "Toth, Lili"]
[Black "Toth, Timea"]
[Result "0-1"]
[WhiteElo "1523"]
[BlackElo "1964"]
[Annotator "NA"]
[PlyCount "214"]
[EventDate "2019.06.21"]
[EventType "swiss"]
[EventCountry "HUN"]
[SourceTitle "playchess.com"]
[Source "ChessBase"]
[SourceQuality "1"]
[TimeControl "40/5400+30:1800+30"]

1. d4 {[%emt 0:00:05]} Nf6 {[%emt 0:00:04]} 2. c4 {[%emt 0:00:12]} g6 {[%emt 0:00:05]} 3. Nc3 {[%emt 0:00:22]} Bg7 {[%emt 0:00:07]} 4. Nf3 {[%emt 0:00:59]} O-O {[%emt 0:00:52]} 5. e3 {[%emt 0:01:43]} d6 {[%emt 0:01:25]} 6. Be2 {[%emt 0:01:31]} c5 {[%emt 0:02:05]} 7. O-O {[%emt 0:01:21]} Nbd7 {[%emt 0:01:32]} 8. h3 {[%emt 0:02:53] E61: King's Indian: Early deviations for White, including Smyslov System} (8. d5 a6 9. a4 Ne8 10. e4 e5 11. dxe6 fxe6 12. Bg5 Qc7 13. Qd2 Nb8 14. e5 dxe5 15. Bd8 Qd7 16. Qxd7 Bxd7 {1-0 (23) Mikhalevski,V (2571)-Ladron de Guevara Pinto,P (2367) Caleta 2015}) 8... Ne8 {[%emt 0:26:19]} 9. Bd2 {[%emt 0:04:55]} f5 {[%emt 0:07:29]} 10. d5 $146 {[%emt 0:02:52]} ({Predecessor:} 10. Rc1 a6 11. a3 cxd4 12. exd4 e5 13. dxe5 Nxe5 14. Bf4 Be6 15. Nd5 Nc6 {0-1 (41) Willy,O-Linghede,G Pula 1972}) 10... Nc7 {[%emt 0:12:06]} 11. Qc2 {[%emt 0:02:28]} e5 {[%emt 0:09:50]} 12. e4 {[%emt 0:02:43]} f4 {[%emt 0:00:28]} 13. Kh2 {[%emt 0:01:01]} Nf6 {[%emt 0:04:48]} 14. g3 {[%emt 0:03:47]} Qd7 {[%emt 0:02:38]} 15. Ng1 g5 16. g4 {[%emt 0:01:32]} Qf7 {[%emt 0:06:37]} 17. f3 {[%emt 0:03:33]} h5 {[%emt 0:02:28]} 18. Qd1 {[%emt 0:03:26]} Qg6 {[%emt 0:00:43]} 19. Bd3 {[%emt 0:02:09]} Qh7 {[%emt 0:00:42]} 20. Kg2 {[%emt 0:01:43]} hxg4 {[%emt 0:00:11]} 21. fxg4 {[%emt 0:01:48]} Qg6 {[%emt 0:03:03]} 22. Qf3 {[%emt 0:02:30]} Rb8 {[%emt 0:00:36]} 23. a4 {[%emt 0:02:12]} a6 {[%emt 0:00:20]} 24. Nge2 {[%emt 0:03:36]} Bd7 {[%emt 0:00:19]} 25. b3 {[%emt 0:14:21]} b5 {[%emt 0:01:53]} 26. a5 {[%emt 0:01:12]} b4 {[%emt 0:00:48]} 27. Na4 {[%emt 0:01:04]} Bxa4 {[%emt 0:01:26]} 28. Rxa4 {[%emt 0:02:40]} Kf7 {[%emt 0:01:01]} 29. Rh1 {[%emt 0:01:01]} Rh8 {[%emt 0:00:12]} 30. Raa1 {[%emt 0:01:37]} Rh6 {[%emt 0:00:35]} 31. Rh2 {[%emt 0:01:30]} Qh7 {[%emt 0:00:28]} 32. Rah1 {[%emt 0:02:47]} Rh8 {[%emt 0:02:17]} 33. Be1 {[%emt 0:03:16]} Ke7 {[%emt 0:01:51]} 34. h4 {[%emt 0:11:55]} Nd7 {[%emt 0:02:18]} 35. h5 {[%emt 0:00:51]} Nf8 {[%emt 0:01:05]} 36. Rh3 {[%emt 0:01:44]} Nd7 {[%emt 0:00:42]} 37. Bc2 {[%emt 0:02:25]} Nf6 {[%emt 0:00:22]} 38. Nc1 {[%emt 0:01:59]} Kf7 {[%emt 0:01:19]} 39. Nd3 {[%emt 0:04:09]} Bf8 {[%emt 0:00:16]} 40. Nb2 {[%emt 0:00:00]} Be7 {[%emt 0:00:00]} 41. Na4 {[%emt 0:01:36]} Bd8 {[%emt 0:00:51]} 42. Bf2 {[%emt 0:07:38]} Nce8 {[%emt 0:00:39]} 43. Nb6 {[%emt 0:03:11]} Bxb6 {[%emt 0:00:30]} 44. axb6 {[%emt 0:00:09]} Kf8 {[%emt 0:04:35]} 45. Ra1 {[%emt 0:00:56]} Qb7 {[%emt 0:00:10]} 46. Ra4 {[%emt 0:01:44]} Qxb6 {[%emt 0:01:52]} 47. Rh1 {[%emt 0:00:32]} Qb7 {[%emt 0:01:35]} 48. Rha1 {[%emt 0:00:41]} Nc7 {[%emt 0:00:10]} 49. Ra5 {[%emt 0:04:44]} Qc8 {[%emt 0:01:03]} 50. Bd1 {[%emt 0:00:29]} Qd7 {[%emt 0:08:53]} 51. R5a4 {[%emt 0:04:23]} Qh7 {[%emt 0:01:42]} 52. Bc2 {[%emt 0:04:12]} Qd7 {[%emt 0:00:58]} 53. Bd1 {[%emt 0:00:28]} Kf7 {[%emt 0:01:25]} 54. Be2 {[%emt 0:02:06]} Ra8 {[%emt 0:02:25]} 55. Ra5 {[%emt 0:00:59]} Qc8 {[%emt 0:03:06]} 56. Bd1 {[%emt 0:02:54]} Kf8 {[%emt 0:01:15]} 57. Be2 {[%emt 0:01:31]} Rh7 {[%emt 0:00:12]} 58. Bd1 {[%emt 0:01:28]} Ng8 {[%emt 0:00:07]} 59. Be2 {[%emt 0:01:14]} Nh6 {[%emt 0:00:19]} 60. Bd1 {[%emt 0:00:14]} Nf7 {[%emt 0:00:08]} (60... Ne8 $19 {and Black stays clearly on top.} 61. Bg1 Nf6) 61. Qd3 {[%emt 0:00:54]} Nd8 {[%emt 0:01:04]} 62. Qh3 {[%emt 0:01:53]} Rh6 {[%emt 0:00:13]} 63. Qf3 {[%emt 0:01:04]} Nb7 {[%emt 0:00:14]} 64. R5a4 {[%emt 0:00:28]} a5 {[%emt 0:00:11]} 65. Be2 {[%emt 0:01:17]} Ra6 {[%emt 0:00:11]} 66. Bd1 {[%emt 0:00:24]} Na8 {[%emt 0:00:25]} 67. Qe2 {[%emt 0:00:24]} Nb6 {[%emt 0:01:04]} 68. R4a2 {[%emt 0:00:10]} Kg7 {[%emt 0:01:28]} 69. Bc2 {[%emt 0:00:57]} (69. Be1 $142) 69... Rh8 {[%emt 0:00:26]} 70. Qf3 {[%emt 0:01:21]} Kh6 {[%emt 0:00:30]} 71. Qe2 {[%emt 0:00:16]} Qc7 {[%emt 0:00:07]} 72. Kf3 {[%emt 0:00:15]} Rha8 {[%emt 0:00:31]} 73. Qd3 {[%emt 0:00:40]} R8a7 {[%emt 0:00:38]} 74. Bd1 {[%emt 0:01:19]} Qc8 {[%emt 0:00:22]} 75. Qc2 {[%emt 0:00:22]} (75. Be1 {might work better.}) 75... Nd8 {[%emt 0:01:25]} 76. Be1 {[%emt 0:01:03]} Nf7 {[%emt 0:00:08]} 77. Bf2 {[%emt 0:00:42]} Kh7 {[%emt 0:00:31]} 78. Qe2 {[%emt 0:00:49]} Qd7 {[%emt 0:00:13]} 79. Kg2 {[%emt 0:01:12]} a4 {[%emt 0:00:25]} 80. Kh3 {[%emt 0:00:34]} Qe8 {[%emt 0:08:31]} 81. Qc2 {[%emt 0:00:50]} (81. bxa4 {was called for.} Nd7 82. Qf3) 81... axb3 {[%emt 0:04:09] Discovered Attack} 82. Qxb3 {[%emt 0:00:06]} Rxa2 {[%emt 0:00:21]} 83. Rxa2 {[%emt 0:00:05]} Rxa2 {[%emt 0:00:05]} 84. Qxa2 {[%emt 0:00:04]} Qa8 {[%emt 0:00:43]} 85. Qxa8 {[%emt 0:00:50]} Nxa8 {[%emt 0:00:04]} 86. Kg2 {[%emt 0:00:16]} Nb6 {[%emt 0:00:43]} 87. Bb3 {[%emt 0:00:06]} Nh6 {[%emt 0:00:22]} 88. Kf3 {[%emt 0:00:05]} Nd7 {[%emt 0:00:27]} 89. Bd1 {[%emt 0:02:13]} Nf6 {[%emt 0:00:14]} 90. Bg1 {[%emt 0:00:31]} Nhxg4 {[%emt 0:00:34]} 91. Ba4 {[%emt 0:00:24]} Kh6 {[%emt 0:00:31]} 92. Bxc5 {[%emt 0:00:40]} Nh2+ $19 {[%emt 0:01:56]} (92... dxc5 $142 93. Ke2 Nxe4 94. Kf3 Ngf6 95. Kg2 g4 96. Bc2 Kxh5 97. Kg1 Nd2 98. Bd1 Nxc4 99. Bc2 {[#]} Ne3 $1 {[%mdl 512]} 100. Bb3 c4 101. Bd1 Ne4 102. d6 f3 103. Kh1 Nxd1 104. d7 f2 105. Kg2 Ne3+ 106. Kh2 g3+ 107. Kh3 f1=Q#) 93. Kg2 {[%emt 0:00:37]} Nxe4 {[%emt 0:02:33]} (93... dxc5 $142 94. Kxh2 Nxe4) 94. Bxb4 {[%emt 0:00:20] [#]} Ng4 $1 {[%emt 0:00:50]} 95. Kf3 {[%emt 0:00:37]} Ngf6 {[%emt 0:00:59]} 96. Bc2 {[%emt 0:00:27]} g4+ {[%emt 0:00:25]} 97. Kg2 {[%emt 0:00:25]} f3+ {[%emt 0:00:22]} 98. Kg1 {[%emt 0:00:38]} g3 {[%emt 0:00:27]} 99. Bxe4 {[%emt 0:00:36]} Nxe4 {[%emt 0:00:08]} 100. Bxd6 {[%emt 0:00:27]} f2+ {[%emt 0:00:32]} 101. Kg2 {[%emt 0:00:13]} Nd2 {[%emt 0:00:35]} 102. Kxg3 {[%emt 0:00:24]} f1=Q {[%emt 0:00:18]} 103. c5 {[%emt 0:00:26]} Qf3+ {[%emt 0:00:10]} 104. Kh4 {[%emt 0:00:35]} Ne4 {[%emt 0:00:23]} 105. Bf8+ {[%emt 0:00:28]} Kh7 {[%emt 0:00:22]} 106. h6 {[%emt 0:00:40]} Qg3+ {[%emt 0:00:20]} 107. Kh5 {[%emt 0:00:06]} Qg5# {[%emt 0:00:19]} 0-1

[Event "HUN-ch U8-U18 2019"]
[Site "Balatonlelle"]
[Date "2019.06.25"]
[Round "6.6"]
[White "Tapodi, Norman Lajos"]
[Black "Dibusz, Domonkos"]
[Result "1/2-1/2"]
[WhiteElo "2043"]
[BlackElo "2067"]
[Annotator "NA"]
[PlyCount "55"]
[EventDate "2019.06.21"]
[EventType "swiss"]
[EventCountry "HUN"]
[SourceTitle "playchess.com"]
[Source "ChessBase"]
[SourceQuality "1"]
[TimeControl "40/5400+30:1800+30"]

1. d4 {[%emt 0:00:03]} d5 {[%emt 0:00:34]} 2. c4 {[%emt 0:00:17]} e6 {[%emt 0:02:05]} 3. Nc3 {[%emt 0:00:16]} Nf6 {[%emt 0:00:26]} 4. cxd5 {[%emt 0:03:13]} exd5 {[%emt 0:00:18]} 5. Bg5 {[%emt 0:00:36]} Be7 {[%emt 0:04:02]} 6. e3 {[%emt 0:01:09]} b6 {[%emt 0:03:21]} 7. Bd3 {[%emt 0:04:19]} Bb7 {[%emt 0:01:12]} 8. Qc2 {[%emt 0:02:32]} h6 {[%emt 0:02:38]} 9. Bh4 {[%emt 0:00:52]} Nbd7 {[%emt 0:00:52]} 10. Nf3 {[%emt 0:02:48]} c5 {[%emt 0:04:48]} 11. dxc5 {[%emt 0:07:32]} bxc5 {[%emt 0:03:19]} 12. O-O {[%emt 0:02:09]} O-O {[%emt 0:00:27]} 13. Rfd1 {[%emt 0:18:15]} d4 {[%emt 0:15:22]} 14. Bxf6 {[%emt 0:19:23]} Bxf6 {[%emt 0:07:05]} 15. Ne4 {[%emt 0:12:23]} Rc8 {[%emt 0:00:30]} 16. exd4 {[%emt 0:00:30]} cxd4 17. Qd2 Bxe4 {[%emt 0:17:04]} 18. Bxe4 {[%emt 0:01:45]} Ne5 {[%emt 0:04:57]} 19. Nxe5 {[%emt 0:04:35]} Bxe5 {[%emt 0:00:10]} 20. f4 {[%emt 0:00:35]} Bf6 {[%emt 0:01:31]} 21. Qd3 {[%emt 0:04:43]} Qd6 {[%emt 0:01:57]} 22. g3 {[%emt 0:00:42]} Qb4 {[%emt 0:00:54]} 23. Rd2 {[%emt 0:00:51]} Rfe8 {[%emt 0:01:44]} 24. Re1 {[%emt 0:01:57]} Kh8 {[%emt 0:02:11]} 25. a3 {[%emt 0:01:43]} Qa5 {[%emt 0:01:45]} 26. Kg2 {[%emt 0:01:10]} Re7 {[%emt 0:05:22]} 27. Ree2 {[%emt 0:03:43]} Rce8 {[%emt 0:05:26]} 28. Rc2 {[%emt 0:01:00]} 1/2-1/2